Flags Revealing Flags #1 - Statistics

General Stats
  • This quiz has been taken 99,321 times
  • The average score is 17 of 21
Answers on the Map
Answers color-coded by a green-red scale on the quiz's map according to % correct below.
 
Answer Stats
Answer % Correct
Japan
100%
Italy
97%
Greece
96%
Portugal
94%
Vietnam
92%
Uruguay
90%
Algeria
87%
Bhutan
87%
Czech Republic
87%
Panama
87%
Ukraine
87%
Singapore
82%
Uganda
81%
Ivory Coast
79%
Peru
75%
Botswana
69%
Palau
69%
Yemen
67%
Antigua and Barbuda
65%
Zambia
63%
Central African Republic
62%
No matching quizzes found
Score Distribution
Percent of People with Each Score
Percentile by Number Answered
Your Score History
You have not taken this quiz